| 000 | 00565cam a2200193 4500500 | ||
|---|---|---|---|
| 005 | 20260329003137.0 | ||
| 041 | _afre | ||
| 042 | _adc | ||
| 100 | 1 | 0 |
_aLequin, Mathilde _eauthor |
| 245 | 0 | 0 | _aEsthétique de la liberté |
| 260 | _c2014. | ||
| 500 | _a51 | ||
| 690 | _aBeauté | ||
| 690 | _aLibéralisme | ||
| 690 | _aLiberté | ||
| 690 | _aPhilippe Nemo | ||
| 786 | 0 | _nPhilosophie magazine | 84 | 11 | 2014-11-01 | p. 76-76 | 1951-1787 | |
| 856 | 4 | 1 | _uhttps://shs.cairn.info/magazine-philosophie-magazine-2014-11-page-76?lang=fr&redirect-ssocas=7080 |
| 999 |
_c1821800 _d1821800 |
||